000 00421nam a2200181Ia 4500
008 100917s9999 xx 000 0 und d
082 _b7242
100 _aनांगरे बलराम
245 _aधनंजय
260 _b---
_c1966
300 _a122
365 _b5
520 _aनाटक
630 _aधनंजय
650 _aनाटक
730 _aधनंजय
942 _cBOOK
999 _c612636
_d612633